Library & Information Science Research (Record no. 367178)

MARC details
000 -LEADER
fixed length control field 00372nam a22001337a 4500
005 - DATE AND TIME OF LATEST TRANSACTION
control field 20250719160658.0
008 - FIXED-LENGTH DATA ELEMENTS--GENERAL INFORMATION
fixed length control field 250719b |||||||| |||| 00| 0 eng d
020 ## - INTERNATIONAL STANDARD BOOK NUMBER
International Standard Book Number 9788187552628
100 ## - MAIN ENTRY--PERSONAL NAME
Author Kumbhar R.
245 ## - TITLE STATEMENT
Title Library & Information Science Research
Remainder of title Methods & Techniques
260 ## - PUBLICATION, DISTRIBUTION, ETC.
Place of publication, distribution, etc. Pune
Name of publisher, distributor, etc. Universal Prakashan
Date of publication, distribution, etc. 2014
300 ## - PHYSICAL DESCRIPTION
Extent 389pp,
942 ## - ADDED ENTRY ELEMENTS (KOHA)
Koha item type Books
Holdings
Withdrawn status Lost status Source of classification or shelving scheme Damaged status Not for loan Home library Current library Date acquired Total Checkouts Barcode Date last seen Bill Date Koha item type Original Barcode
    Dewey Decimal Classification     MKSSS s K.B. Joshi Institute of Information Technology Library MKSSS s K.B. Joshi Institute of Information Technology Library 19/07/2025   KBJP-D-569 19/07/2025 19/07/2025 Books D569